Seni bina sifar simen

Bibliographic Details
Main Author: Muhammad Fauzi Mohd Zain
Format: Book
Language:Malay
Published: Shah Alam : Penerbit Universiti Kebangsaan Malaysia , 2012
Subjects:

MARC

LEADER 00000cam a2200000 7i4500
001 0000025178
005 20140305.0
008 270214 a may
020 |a 9789674120603 ,   |c RM20.00 
040 |a INS 
090 0 0 |a TA681   |b M84 2012 
100 1 |a Muhammad Fauzi Mohd Zain 
245 1 0 |a Seni bina sifar simen   |c Muhammad Fauzi Mohd Zain 
260 |a Shah Alam :   |b Penerbit Universiti Kebangsaan Malaysia ,   |c 2012 
300 |a 87ms :   |b ill ;   |c 23cm. 
500 |a Mengandungi rujukan 
650 0 |a Building materials   |x Technology innovations 
650 0 |a Cement 
650 0 |a Concrete construction   |x Technology innovations 
999 |a 1000001420   |b BOOK   |c Open Shelf   |e Default branch